Baseball Movies - Statistics

General Stats
  • This quiz has been taken 35 times
  • The average score is 5 of 12
Answer Stats
Hint Answer % Correct
" Let's cut through the crap, Vaughn. I only got one thing to say to you: Strike this mother fucker out. " Major League
90%
"Maybe tomorrow, we'll all wear 42, so nobody could tell us apart" 42
76%
" your killing me smalls " Sandlot
76%
"After 12 years in the minor leagues, I don't try out. Besides, uh, I don't believe in quantum physics when it comes to matters of the heart." Bull Durham
48%
"Not if you get it near the plate we don't" Field of Dreams
41%
"how can you not be romantic about baseball" Moneyball
41%
" There's no crying in baseball " A Leagues of Their Own
34%
"Pick me out a winner Bobby." The Natural
34%
" Joe! Say it ain't so, Joe. Say it ain't so. " Eight men Out
31%
" Your grandfather once told me it was ok to think about what you want to do until it was time to start doing what you were meant to do. " The Rookie
31%
"Ninety percent of the game is half mental" 61*
14%
"He could run okay for a fat man." Cobb
0%
No matching quizzes found
Score Distribution
Percent of People with Each Score
Percentile by Number Answered
Your Score History
You have not taken this quiz